000 00677nam a2200253Ia 4500
001 17753
005 20240113235815.0
007 ta
008 060105s1925 g b000 u 465 u
040 _aCotton college,Assam
041 _a465
082 _a320.954
_bC 355 P
100 _aChamier, Daniel .
245 0 _aParliamentary Procedure in India /
_cDaniel Chamier.
_hTextual Documents
250 _a1st ed. /
260 _aBombay :
_bThe Times Press ,
_c1925.
300 _a139p. ;
_c22cm.
504 _aIndex
653 _aParliamentary Procedure-India
653 _aG-Political Science
942 _2ddc
_cBK
999 _c17735
_d17735